[Event "Winnipeg TNT 2025.07"]
[Site "Winnipeg CAN"]
[Date "2025.07.15"]
[Round "2.3"]
[White "Atem, James"]
[Black "Gres, Yakiv"]
[Result "0-1"]
[WhiteElo "1828"]
[BlackElo "1990"]
[WhiteFideId "-1"]
[WhiteFideId "-1"]
[PlyCount "84"]
[GameId "2205803197546609"]
[EventDate "2025.07.08"]
[EventType "swiss"]
[EventRounds "4"]
[EventCountry "CAN"]

1. e4 e5 2. Bc4 Nf6 3. Nf3 Nxe4 4. Nxe5 d5 5. Qf3 Be6 6. Bd3 Bc5 7. Bxe4 dxe4 8. Qxe4 O-O 9. O-O Bd5 10. Qg4 Nc6 11. Nxc6 Bxc6 12. d3 Kh8 13. Be3 f5 14. Qc4 Bxe3 15. fxe3 Qg5 16. Rf2 Qxe3 17. Nc3 Rad8 18. Qf4 Qb6 19. Rb1 Rd4 20. Qe5 Rg4 21. Kf1 h6 22. Ne2 Qb4 23. h3 Rg5 24. Qxc7 Qc5 25. Qf4 Qxc2 26. Rc1 Qxd3 27. Kg1 Qd5 28. Ng3 Rf6 29. Rd2 Qxa2 30. Nf1 Rf8 31. Ne3 Qa5 32. b4 Qa3 33. Rcd1 Rg6 34. Nxf5 Kh7 35. Rf1 Qxh3 36. Qh2 Qxh2+ 37. Kxh2 Rgf6 38. g4 g6 39. Ne3 Rxf1 40. Nxf1 Rxf1 41. Rd4 Kg7 42. Kg3 Rf3+ 0-1

[Event "Winnipeg TNT 2025.07"]
[Site "Winnipeg CAN"]
[Date "2025.07.15"]
[Round "2.4"]
[White "Movahedipour, Mohammad"]
[Black "Wiebe, Isaac"]
[Result "0-1"]
[WhiteElo "1630"]
[BlackElo "2093"]
[WhiteFideId "-1"]
[WhiteFideId "-1"]
[PlyCount "88"]
[GameId "2205803197546610"]
[EventDate "2025.07.08"]
[EventType "swiss"]
[EventRounds "4"]
[EventCountry "CAN"]

1. e4 e5 2. Nf3 Nc6 3. d4 exd4 4. Nxd4 Nf6 5. Nc3 Bb4 6. Bg5 h6 7. Nxc6 Bxc3+ 8. bxc3 bxc6 9. Bh4 Qe7 10. Bd3 O-O 11. O-O d6 12. f4 Qe6 13. Qf3 Nd7 14. Rae1 Nc5 15. f5 Qe5 16. f6 g6 17. Qe3 Qh5 18. Bf2 Re8 19. Qf4 Ne6 20. Qd2 Ng5 21. h4 Nf3+ 22. gxf3 Bh3 23. Qf4 g5 24. Qg3 Bxf1 25. Kxf1 Re6 26. hxg5 hxg5 27. Be3 Rxf6 28. Qxg5+ Qxg5 29. Bxg5 Rxf3+ 30. Ke2 Rg3 31. Bf6 Rg6 32. Bd4 c5 33. Be3 Re8 34. Rg1 Rxg1 35. Bxg1 Kg7 36. Be3 Kf6 37. Bf4 c4 38. Bxc4 Rxe4+ 39. Be3 Rxc4 40. Bxa7 c5 41. Kd3 Ra4 42. Bb8 Ke6 43. Bc7 Kd7 44. Bb6 Ra6 0-1

[Event "Winnipeg TNT 2025.07"]
[Site "Winnipeg CAN"]
[Date "2025.07.15"]
[Round "2.5"]
[White "Babb, Jeff"]
[Black "Letain, Cory"]
[Result "1-0"]
[WhiteElo "2004"]
[BlackElo "1739"]
[WhiteFideId "-1"]
[WhiteFideId "-1"]
[PlyCount "69"]
[GameId "2205803197550707"]
[EventDate "2025.07.08"]
[EventType "swiss"]
[EventRounds "4"]
[EventCountry "CAN"]

1. f4 e5 2. fxe5 d6 3. exd6 Bxd6 4. Nf3 Nf6 5. Nc3 Nc6 6. g3 Be6 7. d4 Qd7 8. e4 Bg4 9. Bb5 a6 10. Bxc6 Qxc6 11. O-O Bb4 12. Ne5 Qe6 13. Nxg4 Nxg4 14. Nd5 Ba5 15. c3 O-O-O 16. Nf4 Qd7 17. h3 Nf6 18. e5 Nd5 19. Qg4 Qxg4 20. hxg4 Nxf4 21. gxf4 h5 22. g5 h4 23. Be3 h3 24. Kh2 Rh7 25. Rf3 Rdh8 26. b4 Bb6 27. Rg1 a5 28. a3 axb4 29. axb4 Kd7 30. Rgg3 Ke6 31. f5+ Kd5 32. Rxh3 Rxh3+ 33. Rxh3 Rxh3+ 34. Kxh3 Ke4 35. g6 1-0

[Event "Winnipeg TNT 2025.07"]
[Site "Winnipeg CAN"]
[Date "2025.07.15"]
[Round "2.6"]
[White "Reimer, Bruce"]
[Black "Kuryliw, Ray"]
[Result "0-1"]
[WhiteElo "1502"]
[BlackElo "1920"]
[WhiteFideId "-1"]
[WhiteFideId "-1"]
[PlyCount "86"]
[GameId "2205803197554804"]
[EventDate "2025.07.08"]
[EventType "swiss"]
[EventRounds "4"]
[EventCountry "CAN"]

1. d4 Nf6 2. Nf3 d6 3. e3 g6 4. Bd3 Bg7 5. O-O b6 6. b3 O-O 7. Bb2 Bb7 8. Nbd2 Nbd7 9. c4 Re8 10. Qc2 e5 11. dxe5 Nxe5 12. Nxe5 dxe5 13. Rad1 Qc8 14. Rfe1 c5 15. e4 Nh5 16. Be2 Nf4 17. h3 Qc6 18. Bg4 Rad8 19. Nf1 Rxd1 20. Qxd1 Ne6 21. h4 h5 22. Bh3 Nd4 23. f3 Qf6 24. Bxd4 exd4 25. Qd2 Qxh4 26. Qf2 Bf6 27. Qxh4 Bxh4 28. g3 Bd8 29. Kg2 h4 30. Nh2 hxg3 31. Kxg3 Bc7+ 32. Kg2 f5 33. Nf1 fxe4 34. fxe4 Rxe4 35. Rxe4 Bxe4+ 36. Kf2 Bf4 37. Ng3 Bxg3+ 38. Kxg3 Kf7 39. Kf4 Bb1 40. a3 Ba2 41. Ke5 Bxb3 42. Be6+ Kg7 43. Kd6 d3 0-1

[Event "Winnipeg TNT 2025.07"]
[Site "Winnipeg CAN"]
[Date "2025.07.15"]
[Round "2.7"]
[White "Bonness, Will"]
[Black "Zhang, Ian"]
[Result "1-0"]
[WhiteElo "1956"]
[BlackElo "1750"]
[WhiteFideId "-1"]
[WhiteFideId "-1"]
[PlyCount "43"]
[GameId "2205803197554805"]
[EventDate "2025.07.08"]
[EventType "swiss"]
[EventRounds "4"]
[EventCountry "CAN"]

1. e4 d5 2. exd5 Qxd5 3. Nc3 Qa5 4. d4 Nf6 5. Nf3 Bf5 6. Ne5 c6 7. Bc4 e6 8. Bd2 Qc7 9. g4 Bg6 10. h4 Ne4 11. f3 Nxc3 12. Bxc3 f6 13. h5 fxe5 14. hxg6 h6 15. Bxe6 exd4 16. Bf7+ Kd8 17. Qxd4+ Nd7 18. O-O-O c5 19. Qe4 Be7 20. Bxg7 Re8 21. Bxe8 Kxe8 22. Rxh6 1-0

[Event "Winnipeg TNT 2025.07"]
[Site "Winnipeg CAN"]
[Date "2025.07.15"]
[Round "2.8"]
[White "Curtis, Rory"]
[Black "Gannon, Keith"]
[Result "1-0"]
[WhiteElo "1765"]
[BlackElo "1594"]
[WhiteFideId "-1"]
[WhiteFideId "-1"]
[PlyCount "93"]
[GameId "2205803197558902"]
[EventDate "2025.07.08"]
[EventType "swiss"]
[EventRounds "4"]
[EventCountry "CAN"]

1. d4 d5 2. c4 e6 3. cxd5 exd5 4. Nc3 Nf6 5. Nf3 Be7 6. Bf4 a6 7. e3 O-O 8. Rc1 Nbd7 9. Bd3 Re8 10. O-O c5 11. dxc5 Nxc5 12. Bb1 Ne6 13. Be5 Nc7 14. Bxc7 Qxc7 15. Nxd5 Nxd5 16. Rxc7 Nxc7 17. Qb3 Nb5 18. Rd1 Bg4 19. h3 Bxf3 20. gxf3 Rad8 21. Rxd8 Rxd8 22. Be4 Nd6 23. Qc2 Nxe4 24. Qxe4 Bf6 25. Qxb7 h6 26. b3 a5 27. Qb5 Ra8 28. Qc6 Rf8 29. f4 Bd8 30. e4 g6 31. f5 gxf5 32. exf5 f6 33. Qg2+ Kh8 34. Kf1 Rg8 35. Qd5 Kh7 36. a3 Kh8 37. b4 axb4 38. axb4 Bc7 39. Qf7 Be5 40. f4 Bd4 41. Ke2 Bc3 42. b5 Ba1 43. b6 Rg2+ 44. Kd3 Rg3+ 45. Ke4 Rxh3 46. b7 Rg3 47. b8=Q+ 1-0

[Event "Winnipeg TNT 2025.07"]
[Site "Winnipeg CAN"]
[Date "2025.07.15"]
[Round "2.9"]
[White "Trueman, Francis"]
[Black "Kim, Sunyo"]
[Result "0-1"]
[WhiteElo "1552"]
[BlackElo "1758"]
[WhiteFideId "-1"]
[WhiteFideId "-1"]
[PlyCount "40"]
[GameId "2205803197562999"]
[EventDate "2025.07.08"]
[EventType "swiss"]
[EventRounds "4"]
[EventCountry "CAN"]

1. e4 e5 2. Nf3 Nc6 3. d3 Nf6 4. Nbd2 Bc5 5. Be2 O-O 6. O-O Re8 7. c3 d5 8. Qc2 dxe4 9. dxe4 a6 10. a4 Bg4 11. Re1 Rb8 12. Nf1 h6 13. h4 Bh5 14. Ng3 Bg6 15. Nf5 Bxf5 16. exf5 Ng4 17. Rf1 e4 18. Nd2 Nxf2 19. Rxf2 Bxf2+ 20. Kf1 Qxh4 0-1

[Event "Winnipeg TNT 2025.07"]
[Site "Winnipeg CAN"]
[Date "2025.07.15"]
[Round "2.10"]
[White "Ubaka, Michael"]
[Black "Lam, Jacob"]
[Result "1-0"]
[WhiteElo "1724"]
[BlackElo "1358"]
[WhiteFideId "-1"]
[WhiteFideId "-1"]
[PlyCount "89"]
[GameId "2205803197567096"]
[EventDate "2025.07.08"]
[EventType "swiss"]
[EventRounds "4"]
[EventCountry "CAN"]

1. e4 c6 2. Nf3 d5 3. exd5 cxd5 4. d4 Bf5 5. Bd3 Bxd3 6. Qxd3 Nd7 7. O-O e6 8. Qb5 Qc7 9. Ne5 a6 10. Qxd7+ Qxd7 11. Nxd7 Kxd7 12. Nd2 Nf6 13. Nf3 Bd6 14. h3 Rac8 15. c3 h6 16. Re1 b5 17. Bd2 a5 18. a3 Rb8 19. b4 a4 20. Rac1 Rhc8 21. Rc2 Rc7 22. Rec1 Ne4 23. Be1 Rbc8 24. Ne5+ Ke7 25. Nd3 f6 26. h4 Rh8 27. f3 Ng3 28. f4 Nf5 29. Bf2 g5 30. fxg5 hxg5 31. hxg5 fxg5 32. Ne5 Kf6 33. Re1 Rch7 34. g3 Rh1+ 35. Kg2 R8h2+ 36. Kf3 Rxe1 37. Ng4+ Kg6 38. Nxh2 Rh1 39. Ng4 Rh3 40. Kg2 Rh5 41. Re2 Ng7 42. Kf3 Kf7 43. Ne5+ Kf6 44. Nc6 Kf5 45. g4+ 1-0

[Event "Winnipeg TNT 2025.07"]
[Site "Winnipeg CAN"]
[Date "2025.07.22"]
[Round "3.1"]
[White "Stordeur, Jackson"]
[Black "Protsyuk, Svitlana"]
[Result "1-0"]
[WhiteElo "2093"]
[BlackElo "2042"]
[WhiteFideId "-1"]
[WhiteFideId "-1"]
[PlyCount "85"]
[GameId "2205803197571193"]
[EventDate "2025.07.08"]
[EventType "swiss"]
[EventRounds "4"]
[EventCountry "CAN"]

1. e4 c5 2. Nf3 Nc6 3. d4 cxd4 4. Nxd4 g6 5. c4 d6 6. Nc3 Nf6 7. Be2 Bg7 8. Be3 O-O 9. O-O Nxd4 10. Bxd4 Be6 11. Qd2 a5 12. b3 a4 13. f3 Qa5 14. b4 Qxb4 15. Rab1 Qa5 16. Bb6 Bh6 17. Qxh6 Qxc3 18. Rfc1 Qe5 19. Rb5 d5 20. cxd5 Bd7 21. Rbb1 Nxd5 22. exd5 Qxe2 23. Re1 Qxa2 24. Bd4 f6 25. Ba1 Rf7 26. Rxb7 Qxd5 27. Reb1 Qc5+ 28. Kh1 Rd8 29. Rxd7 Rc8 30. Rbd1 Rff8 31. Qd2 Kg7 32. Bd4 Qa3 33. Ra1 Qb3 34. Rxe7+ Rf7 35. Rxf7+ Kxf7 36. Qh6 Rd8 37. Qxh7+ Ke6 38. Re1+ Kd5 39. Qf7+ Kxd4 40. Qxf6+ Kd3 41. Qxd8+ Kc2 42. Qc7+ Kb2 43. Qc1+ 1-0

[Event "Winnipeg TNT 2025.07"]
[Site "Winnipeg CAN"]
[Date "2025.07.22"]
[Round "3.2"]
[White "Gres, Yakiv"]
[Black "Babb, Jeff"]
[Result "1/2-1/2"]
[WhiteElo "1990"]
[BlackElo "2004"]
[WhiteFideId "-1"]
[WhiteFideId "-1"]
[PlyCount "100"]
[GameId "2205803197575290"]
[EventDate "2025.07.08"]
[EventType "swiss"]
[EventRounds "4"]
[EventCountry "CAN"]

1. e4 e5 2. Nc3 Nf6 3. f4 d5 4. fxe5 Nxe4 5. Qf3 Nc6 6. Bb5 Nxc3 7. dxc3 Qh4+ 8. g3 Qe4+ 9. Be3 Bf5 10. Bd3 Qxf3 11. Nxf3 Be4 12. Bxe4 dxe4 13. Ng5 Nxe5 14. O-O-O Ng4 15. Bd4 c5 16. Bg1 Nf6 17. Re1 h6 18. Nxe4 Nxe4 19. Rxe4+ Kd7 20. Be3 Bd6 21. Rd1 Kc6 22. Bf4 Bxf4+ 23. Rxf4 f6 24. a4 Rhe8 25. b4 Rad8 26. Rc4 Rxd1+ 27. Kxd1 b6 28. Rf4 Re5 29. Kd2 a6 30. g4 h5 31. h3 Kd6 32. b5 axb5 33. axb5 c4 34. Rxc4 Rxb5 35. Kd3 hxg4 36. hxg4 Re5 37. Rb4 Kc5 38. Rf4 b5 39. c4 bxc4+ 40. Rxc4+ Kd6 41. Rf4 Rd5+ 42. Ke3 Re5+ 43. Kf3 Rc5 44. c4 Ke6 45. Re4+ Re5 46. Kf4 Rxe4+ 47. Kxe4 g6 48. c5 f5+ 49. gxf5+ gxf5+ 50. Kf4 Kd5 1/2-1/2

[Event "Winnipeg TNT 2025.07"]
[Site "Winnipeg CAN"]
[Date "2025.07.22"]
[Round "3.3"]
[White "Kuryliw, Ray"]
[Black "Bonness, Will"]
[Result "1/2-1/2"]
[WhiteElo "1920"]
[BlackElo "1953"]
[WhiteFideId "-1"]
[WhiteFideId "-1"]
[PlyCount "77"]
[GameId "2205803197579387"]
[EventDate "2025.07.08"]
[EventType "swiss"]
[EventRounds "4"]
[EventCountry "CAN"]

1. d4 d5 2. Bf4 Nf6 3. e3 c5 4. c3 Nc6 5. Bd3 Bg4 6. f3 Bh5 7. Ne2 e6 8. g4 Bg6 9. h4 Bxd3 10. Qxd3 Qb6 11. Nd2 O-O-O 12. Qc2 Bd6 13. O-O-O Bxf4 14. Nxf4 Kb8 15. Kb1 g6 16. Qb3 Qa5 17. Rhe1 cxd4 18. exd4 Qc7 19. Nd3 Nd7 20. f4 Nb6 21. Qa3 h5 22. g5 Nd7 23. Nf3 Nb6 24. Nfe5 Nc8 25. Nxc6+ Qxc6 26. Qc5 Qxc5 27. Nxc5 Nd6 28. Nd3 Rc8 29. Ne5 Rc7 30. Re2 Nf5 31. Rh2 Rd8 32. Rh3 Rd6 33. Rc1 Rb6 34. Ka1 Nd6 35. Rhh1 Ne4 36. Rhe1 Nd6 37. Re2 Nf5 38. Nf3 Nd6 39. Ne5 1/2-1/2

[Event "Winnipeg TNT 2025.07"]
[Site "Winnipeg CAN"]
[Date "2025.07.22"]
[Round "3.4"]
[White "Atem, James"]
[Black "Nagelberg, Alan"]
[Result "0-1"]
[WhiteElo "1828"]
[BlackElo "2024"]
[WhiteFideId "-1"]
[WhiteFideId "-1"]
[PlyCount "64"]
[GameId "2205803197583484"]
[EventDate "2025.07.08"]
[EventType "swiss"]
[EventRounds "4"]
[EventCountry "CAN"]

1. d4 d5 2. Nc3 Bf5 3. Nf3 e6 4. a3 c5 5. e3 Nf6 6. Bb5+ Nbd7 7. Ne5 a6 8. Nxd7 Nxd7 9. Be2 Rc8 10. O-O Bd6 11. g3 Bh3 12. Re1 h5 13. e4 cxd4 14. Qxd4 Be5 15. Qb4 d4 16. Na2 h4 17. f4 hxg3 18. hxg3 Bc7 19. Qd2 Qf6 20. Bf3 Bb6 21. Qf2 Rxc2 22. e5 Qg6 23. Be4 Rxf2 24. Bxg6 Rg2+ 25. Kf1 Rxb2+ 26. Kg1 Rg2+ 27. Kh1 Rxg3 28. Bxf7+ Kxf7 29. Re2 Bg2+ 30. Kg1 d3+ 31. Be3 Be4+ 32. Kf2 Rg2+ 0-1

[Event "Winnipeg TNT 2025.07"]
[Site "Winnipeg CAN"]
[Date "2025.07.22"]
[Round "3.5"]
[White "Kim, Sunyo"]
[Black "Rutter, Blair"]
[Result "1-0"]
[WhiteElo "1758"]
[BlackElo "1923"]
[WhiteFideId "-1"]
[WhiteFideId "-1"]
[PlyCount "163"]
[GameId "2205803197587581"]
[EventDate "2025.07.08"]
[EventType "swiss"]
[EventRounds "4"]
[EventCountry "CAN"]

1. e4 e6 2. d4 d5 3. exd5 exd5 4. Nf3 Nf6 5. Be2 Bd6 6. O-O O-O 7. Bg5 Bg4 8. Ne5 Bxe2 9. Qxe2 Re8 10. Re1 Nbd7 11. Bxf6 Nxf6 12. Qf3 c5 13. Nd2 cxd4 14. Ng4 Rxe1+ 15. Rxe1 Nxg4 16. Qxg4 Qc7 17. Nf3 Qxc2 18. Qxd4 Bc5 19. Qd2 Qxd2 20. Nxd2 Bb4 21. Re2 Rc8 22. Nb3 f6 23. a3 Bd6 24. Kf1 Kf7 25. Rd2 Ke6 26. Re2+ Kd7 27. Rd2 Ke6 28. Re2+ Kf7 29. Rd2 Rc7 30. Rxd5 Be5 31. Rd2 f5 32. h3 b6 33. Ke2 Ke7 34. Nd4 g6 35. Nb5 Rb7 36. Nd4 Bf4 37. Rc2 a6 38. g3 Bd6 39. f4 Kd7 40. Rd2 Rc7 41. Kf3 Rc1 42. Kg2 Kc7 43. Ne6+ Kc6 44. Nd4+ Kc7 45. Ne6+ Kd7 46. Nf8+ Ke7 47. Nxh7 Bc5 48. Re2+ Kd7 49. Ng5 Rg1+ 50. Kh2 Rd1 51. Nf3 Rd6 52. Rd2 Rxd2+ 53. Nxd2 Bd4 54. b3 b5 55. Nf3 Bb2 56. a4 Kd6 57. Nh4 Kc5 58. Nxg6 Kb4 59. Ne5 Kxb3 60. axb5 axb5 61. h4 Ba3 62. Kg2 Kc3 63. h5 Bf8 64. Kf2 b4 65. Ke2 Bg7 66. Kd1 b3 67. Kc1 Kd4 68. Nf7 Ke3 69. h6 Bf6 70. Ne5 Ke4 71. Kb2 Bh8 72. Kxb3 Ke3 73. Ng6 Bf6 74. h7 Kf3 75. h8=Q Bxh8 76. Nxh8 Kxg3 77. Ng6 Kg4 78. Kc4 Kh5 79. Ne5 Kh6 80. Kd4 Kg7 81. Nf3 Kf6 82. Kd5 1-0

[Event "Winnipeg TNT 2025.07"]
[Site "Winnipeg CAN"]
[Date "2025.07.22"]
[Round "3.6"]
[White "Kowal, Ken"]
[Black "Curtis, Rory"]
[Result "1-0"]
[WhiteElo "1912"]
[BlackElo "1765"]
[WhiteFideId "-1"]
[WhiteFideId "-1"]
[PlyCount "51"]
[GameId "2205803197591678"]
[EventDate "2025.07.08"]
[EventType "swiss"]
[EventRounds "4"]
[EventCountry "CAN"]

1. e4 e5 2. f4 Bc5 3. Nf3 d6 4. c3 Nf6 5. d4 exd4 6. cxd4 Bb6 7. Nc3 O-O 8. Be2 Nc6 9. O-O Re8 10. Kh1 Nxe4 11. Nxe4 Rxe4 12. Bd3 Re8 13. Bxh7+ Kf8 14. f5 Ne7 15. Ng5 Nd5 16. Qh5 Qf6 17. Bg6 Ke7 18. Bxf7 Rf8 19. Bxd5 Qxd4 20. Re1+ Kd7 21. Be6+ Kc6 22. Qf3+ d5 23. Be3 Qd3 24. Rac1+ Kb5 25. Bxb6 Kxb6 26. Qxd3 1-0

[Event "Winnipeg TNT 2025.07"]
[Site "Winnipeg CAN"]
[Date "2025.07.22"]
[Round "3.7"]
[White "Movahedipour, Mohammad"]
[Black "Ubaka, Michael"]
[Result "1/2-1/2"]
[WhiteElo "1753"]
[BlackElo "1724"]
[WhiteFideId "-1"]
[WhiteFideId "-1"]
[PlyCount "76"]
[GameId "2205803197591679"]
[EventDate "2025.07.08"]
[EventType "swiss"]
[EventRounds "4"]
[EventCountry "CAN"]

1. e4 c5 2. Nf3 Nc6 3. d4 cxd4 4. Nxd4 e5 5. Nf3 Nf6 6. Bg5 Be7 7. Nc3 O-O 8. Be2 Qb6 9. Rb1 Ng4 10. O-O Bc5 11. Qe1 f5 12. Bc4+ Kh8 13. Nd1 d6 14. h3 fxe4 15. Qxe4 Bf5 16. Qe1 Bxc2 17. Rc1 Bxd1 18. Rxd1 Nxf2 19. Kh2 Nxd1 20. Qxd1 Qxb2 21. Bc1 Qc3 22. Qd5 Ne7 23. Qe6 Ng6 24. Ng5 Rxf1 25. Bxf1 h6 26. Qxg6 hxg5 27. Bd3 e4 28. Bxe4 Qe5+ 29. Kh1 Kg8 30. Bxg5 Qa1+ 31. Bb1 Kf8 32. Qf5+ Kg8 33. Qe6+ Kh8 34. Qg6 Kg8 35. Qe6+ Kh8 36. Qg6 Kg8 37. Qe6+ Kh8 38. Qg6 Kg8 1/2-1/2

[Event "Winnipeg TNT 2025.07"]
[Site "Winnipeg CAN"]
[Date "2025.07.22"]
[Round "3.8"]
[White "Pacin, Ondrej"]
[Black "Reimer, Bruce"]
[Result "0-1"]
[WhiteElo "1371"]
[BlackElo "1502"]
[WhiteFideId "-1"]
[WhiteFideId "-1"]
[PlyCount "122"]
[GameId "2205803197595776"]
[EventDate "2025.07.08"]
[EventType "swiss"]
[EventRounds "4"]
[EventCountry "CAN"]

1. e4 d6 2. d4 Nf6 3. Nc3 c6 4. h3 Qa5 5. Bd2 Qc7 6. Bd3 Nbd7 7. Nf3 e5 8. dxe5 dxe5 9. Be3 Be7 10. O-O O-O 11. Ne2 Nc5 12. Ng3 Rd8 13. Qe2 Nxd3 14. cxd3 a5 15. d4 exd4 16. Bxd4 Be6 17. e5 Nd5 18. Qe4 Rd7 19. Rfd1 Rad8 20. a3 c5 21. Be3 Nxe3 22. Rxd7 Rxd7 23. Qxe3 Qd8 24. Qe1 b5 25. Rc1 Bb3 26. Kh2 Rd1 27. Rxd1 Bxd1 28. Qd2 Bxf3 29. Qxd8+ Bxd8 30. gxf3 b4 31. Ne2 Bb6 32. Kg2 Kf8 33. Kf1 Ke7 34. Ke1 a4 35. f4 Ke6 36. f3 Ba5 37. Kd1 Kd5 38. Kc2 f6 39. exf6 gxf6 40. Kc1 Kc4 41. Kd1 bxa3 42. bxa3 Kb3 43. Nc1+ Kxa3 44. Kc2 Kb4 45. Nd3+ Kc4 46. Nb2+ Kb5 47. Nd3 c4 48. Nc1 a3 49. Na2 Be1 50. f5 Bg3 51. Nc3+ Kb4 52. Na2+ Kc5 53. Kc3 Be5+ 54. Kc2 Kd4 55. Kd2 Kc5 56. Kc2 Bd4 57. h4 Be3 58. Kc3 Bd4+ 59. Kc2 Kd5 60. Nc1 Ke5 61. Ne2 a2 0-1

[Event "Winnipeg TNT 2025.07"]
[Site "Winnipeg CAN"]
[Date "2025.07.22"]
[Round "3.9"]
[White "Gannon, Keith"]
[Black "Trueman, Francis"]
[Result "1-0"]
[WhiteElo "1594"]
[BlackElo "1552"]
[WhiteFideId "-1"]
[WhiteFideId "-1"]
[PlyCount "91"]
[GameId "2205803197599873"]
[EventDate "2025.07.08"]
[EventType "swiss"]
[EventRounds "4"]
[EventCountry "CAN"]

1. e4 d6 2. Nf3 e5 3. Nc3 Nd7 4. d4 Ngf6 5. dxe5 dxe5 6. Bd3 Be7 7. O-O O-O 8. Re1 c6 9. Bd2 Qc7 10. a3 a5 11. Rb1 Re8 12. b4 a4 13. Be3 b5 14. Qd2 Nf8 15. Bg5 h5 16. h4 N8h7 17. Be3 Ng4 18. g3 Nxe3 19. Qxe3 Kh8 20. Rbd1 Rg8 21. Bf1 g5 22. Nxg5 Nxg5 23. hxg5 Bxg5 24. Qc5 Be7 25. Nxb5 Bxc5 26. Nxc7 Ra7 27. bxc5 Rxc7 28. Rd6 Be6 29. Be2 Kh7 30. Bxh5 Rb8 31. Be2 Rb2 32. Bd1 Rb5 33. c3 Rxc5 34. Bxa4 Rxc3 35. Ra1 Bd7 36. Kg2 Rc4 37. Bb3 Rxe4 38. Bxf7 Ra4 39. Bb3 Rd4 40. Rh1+ Kg7 41. Rdh6 Bf5 42. R1h2 Be4+ 43. Kg1 Rd3 44. Bc2 Rxa3 45. Bxe4 Rc8 46. Rxc6 1-0

[Event "Winnipeg TNT 2025.07"]
[Site "Winnipeg CAN"]
[Date "2025.07.29"]
[Round "4.1"]
[White "Gres, Yakiv"]
[Black "Stordeur, Jackson"]
[Result "0-1"]
[WhiteElo "1990"]
[BlackElo "2093"]
[WhiteFideId "-1"]
[WhiteFideId "-1"]
[PlyCount "86"]
[GameId "2205803197603970"]
[EventDate "2025.07.08"]
[EventType "swiss"]
[EventRounds "4"]
[EventCountry "CAN"]

1. e4 c5 2. Nf3 d6 3. d4 cxd4 4. Nxd4 Nf6 5. Nc3 a6 6. Bg5 e6 7. f4 Be7 8. Qf3 Qc7 9. O-O-O Nbd7 10. g4 h6 11. Bxf6 Bxf6 12. h4 Nb6 13. g5 Bxd4 14. Rxd4 Qc5 15. Qf2 Bd7 16. e5 d5 17. g6 fxg6 18. Bd3 O-O 19. Bxg6 Nc8 20. Rg1 Ne7 21. f5 Nxf5 22. Bxf5 Qc7 23. Bxe6+ Bxe6 24. Qd2 Rad8 25. Qxh6 Rf1+ 26. Rxf1 gxh6 27. Rf6 Rf8 28. Rxh6 Rf1+ 29. Kd2 Qf7 30. Ne2 Kg7 31. Rf6 Rxf6 32. exf6+ Qxf6 33. c3 Bf7 34. Nf4 Qb6 35. b4 a5 36. a3 axb4 37. axb4 Qa6 38. Rd3 Qa2+ 39. Ke3 Qc4 40. Kf3 Qe4+ 41. Kg3 Qe1+ 42. Kg4 Be6+ 43. Kf3 Bf5 0-1

[Event "Winnipeg TNT 2025.07"]
[Site "Winnipeg CAN"]
[Date "2025.07.29"]
[Round "4.2"]
[White "Protsyuk, Svitlana"]
[Black "Kuryliw, Ray"]
[Result "1-0"]
[WhiteElo "2042"]
[BlackElo "1920"]
[WhiteFideId "-1"]
[WhiteFideId "-1"]
[PlyCount "89"]
[GameId "2205803197608067"]
[EventDate "2025.07.08"]
[EventType "swiss"]
[EventRounds "4"]
[EventCountry "CAN"]

1. e4 Nf6 2. e5 Nd5 3. c4 Nb6 4. b3 d6 5. exd6 cxd6 6. Bb2 N8d7 7. Nf3 Nf6 8. d4 g6 9. Nc3 Bg7 10. c5 dxc5 11. Bb5+ Nbd7 12. dxc5 O-O 13. b4 Qc7 14. Ba4 a6 15. O-O Ne5 16. Nxe5 Qxe5 17. Re1 Qf4 18. Nd5 Nxd5 19. Bxg7 Kxg7 20. Qxd5 Qxb4 21. Qe5+ Kg8 22. Re4 Qa5 23. Qxe7 Bf5 24. Rf4 b5 25. cxb6 Qxb6 26. Rb4 Qe6 27. Qg5 Rab8 28. Rxb8 Rxb8 29. Bb3 Qe5 30. Rd1 Re8 31. g4 Be4 32. Qxe5 Rxe5 33. Re1 Re8 34. Bd5 Bxd5 35. Rxe8+ Kg7 36. a3 Kf6 37. Rb8 Kg7 38. Rd8 Bc4 39. g5 h6 40. h4 Bb3 41. Ra8 Bc4 42. a4 hxg5 43. hxg5 f5 44. Ra7+ Kf8 45. f4 1-0

[Event "Winnipeg TNT 2025.07"]
[Site "Winnipeg CAN"]
[Date "2025.07.29"]
[Round "4.3"]
[White "Nagelberg, Alan"]
[Black "Kowal, Ken"]
[Result "1-0"]
[WhiteElo "2024"]
[BlackElo "1912"]
[WhiteFideId "-1"]
[WhiteFideId "-1"]
[PlyCount "57"]
[GameId "2205803197608068"]
[EventDate "2025.07.08"]
[EventType "swiss"]
[EventRounds "4"]
[EventCountry "CAN"]

1. c4 Nf6 2. Nc3 e6 3. e4 d5 4. e5 d4 5. exf6 dxc3 6. bxc3 gxf6 7. d4 Bg7 8. Nf3 O-O 9. Bd3 e5 10. dxe5 fxe5 11. Bxh7+ Kxh7 12. Ng5+ Kg6 13. Qc2+ Bf5 14. Qb3 Qd3 15. h4 Bg4 16. f3 Bh5 17. g4 Bxg4 18. fxg4 Qg3+ 19. Kf1 f5 20. h5+ Kf6 21. Nh7+ Kf7 22. c5+ Ke7 23. Bg5+ Bf6 24. Qd5 Bxg5 25. Nxf8 Be3 26. Ng6+ Kf6 27. Qd8+ Kg7 28. Qf8+ Kh7 29. Qh8# 1-0

[Event "Winnipeg TNT 2025.07"]
[Site "Winnipeg CAN"]
[Date "2025.07.29"]
[Round "4.4"]
[White "Babb, Jeff"]
[Black "Kim, Sunyo"]
[Result "1-0"]
[WhiteElo "2004"]
[BlackElo "1758"]
[WhiteFideId "-1"]
[WhiteFideId "-1"]
[PlyCount "85"]
[GameId "2205803197612165"]
[EventDate "2025.07.08"]
[EventType "swiss"]
[EventRounds "4"]
[EventCountry "CAN"]

1. f4 d5 2. Nf3 Nc6 3. e3 Nf6 4. b3 g6 5. Bb2 Bg7 6. Bb5 Bd7 7. O-O O-O 8. Qe2 a6 9. Bxc6 Bxc6 10. Ne5 Bd7 11. Nc3 c5 12. a4 Bf5 13. d3 Bd7 14. e4 d4 15. Nd1 Qc7 16. a5 Ne8 17. Nxd7 Qxd7 18. Bc1 e6 19. Bd2 Nc7 20. Nb2 Rfe8 21. Nc4 Rad8 22. Qf3 Nb5 23. f5 Qe7 24. f6 Qf8 25. fxg7 Qxg7 26. Bg5 Rd7 27. Bf6 Qf8 28. Qg3 Nc3 29. Rf2 Nb5 30. Raf1 Nd6 31. Nxd6 Rxd6 32. e5 Rd7 33. Rf4 h5 34. Rh4 Qh6 35. Bg5 Qg7 36. Qf4 Rd5 37. Bf6 Qh7 38. g4 Kf8 39. gxh5 gxh5 40. Qg5 Qg6 41. Rxh5 Qxg5+ 42. Rxg5 Rc8 43. h4 1-0

[Event "Winnipeg TNT 2025.07"]
[Site "Winnipeg CAN"]
[Date "2025.07.29"]
[Round "4.5"]
[White "Ubaka, Michael"]
[Black "Bonness, Will"]
[Result "0-1"]
[WhiteElo "1724"]
[BlackElo "1956"]
[WhiteFideId "-1"]
[WhiteFideId "-1"]
[PlyCount "126"]
[GameId "2205803197612166"]
[EventDate "2025.07.08"]
[EventType "swiss"]
[EventRounds "4"]
[EventCountry "CAN"]

1. e4 d5 2. exd5 Qxd5 3. Nf3 Bg4 4. Be2 Nc6 5. Nc3 Qd7 6. O-O O-O-O 7. d3 e5 8. Ng5 Bxe2 9. Qxe2 f6 10. Nge4 Nd4 11. Qd1 h5 12. Ne2 Nc6 13. h4 Qg4 14. g3 Nge7 15. f3 Qd7 16. Kg2 Nf5 17. a3 Be7 18. b4 Ncd4 19. Bd2 Rhg8 20. Nxd4 Nxd4 21. Qc1 Qc6 22. Ra2 Ne6 23. f4 f5 24. b5 Qd5 25. c4 Qxd3 26. Nf2 Qd6 27. Bb4 Nc5 28. fxe5 Qxe5 29. Re1 Qf6 30. Qe3 Rge8 31. Qf3 Bd6 32. Rxe8 Rxe8 33. Bxc5 Bxc5 34. Nd3 Bd4 35. Nf4 Re3 36. Qd5 Qe5 37. Qxe5 Bxe5 38. Nxh5 g6 39. Nf4 Bxf4 40. gxf4 Re4 41. Kg3 Rxc4 42. a4 Kd7 43. Ra3 Ke6 44. Re3+ Kf7 45. Ra3 Rc1 46. Rd3 Rc4 47. Rd7+ Ke6 48. Rg7 Kf6 49. Rd7 Rc3+ 50. Kg2 a6 51. b6 cxb6 52. Rxb7 Rc6 53. Kf3 Ke6 54. Ke3 Kd5 55. Rd7+ Kc5 56. Rd4 Re6+ 57. Kd3 b5 58. axb5 axb5 59. Rd8 Rd6+ 60. Rxd6 Kxd6 61. Kd4 b4 62. Kc4 b3 63. Kxb3 Kd5 0-1